000 00977nam a22003137a 4500
003 CHAP
005 20220329141802.0
008 971013s1958 r 00010 d
010 _a73788
011 _a74760
035 _a84319
040 _cCHAP
082 _a634.97
_bH34
100 0 0 _aHarman, Wyatte L.
_952757
245 _aTextbook of dendrology, convering the important forest tress of the United States and Canada
250 _a4 ed.
260 _aNew York :
_bMcGraw-Hill,
_c1958
300 _a561 p.
_b: ilus.
590 _aBATCH-UPD
_b10
_c20130110
_lUCH01
_h1941
590 _aBATCH-UPD
_b10
_c20130410
_lUCH01
_h1304
590 _aBATCH-UPD
_b10
_c20130914
_lUCH01
_h1730
590 _aCONVERSION
_b10
_c20130109
_lUCH01
_h1340
650 1 4 _aÁrboles
_xE.U.A.
_96592
650 1 4 _aMadera
_xTecnología.
_969629
700 0 _aHarrar, Ellwood S.
_952821
901 _aBK
942 _cLIBRO
949 _a634.97 H34
_bBC
_cLIBRO
_d33724000236816
_eLIBRO
_h23857
_i84319
_si
999 _c73788
_d73788